000 006020000a22001810004500
003 MACL
005 20160517162343.0
008 160517b xxu||||| |||| 00| 0 eng d
040 _aMACL
_cMACL
041 _aHindi
082 _a891.433
100 _aतिवारी, विनोद कुमार
_957702
245 _aजरा ऑख में भर लो पानी
_cविनोद कुमार तिवारी
260 _aदिल्‍ली
_bसारिका प्रकाशन
_c2011
350 _a200
650 _aNovel
_957703
942 _cHIN
_k891.433/TIW
_2ddc
999 _c46790
_d46790